000 01174nam a22003497a 4500
001 0017891
003 KOHA_MİRAKIL
005 20260207002156.0
007 ta
008 100810b1999 tu a|||gr||||#||||1|ger |
020 _a9754928738
_c0,01
040 _aTR-BiSEU
_btur
_cTR-BiSEU
_erda
041 0 _ager
044 _ctu
050 _aP40
_b.A33 1999
100 1 _aAgaçsapan, Asuman.
245 1 _aStereotype und vorurteile im turkishchen und im deutschen: eine studie zu stereotypen in authentischen und engagierten schriftlichen texten/
_cAsuman Agaçsapan ; Asuman Agaçsapan.
264 1 _aEskişehir :
_bAnadolu Üniversitesi
_c1999
300 _avii,144 sayfa: resimli
336 _ametin
_btxt
_2rdacontent
337 _aaracısız
_bn
_2rdamedia
338 _acilt
_bnc
_2rdacarrier
490 1 _aAnadolu Üniversitesi Egitim Fakultesi Yayinlari ;
_vno.
490 1 _a55.
500 _aKaynakça var.
650 0 _aSosyodilbilim.
_931003
650 0 _aÖnyargı.
_931004
650 0 _aKalıplaşmış ifadeler.
_931005
830 1 _aAnadolu Üniversitesi Egitim Fakultesi Yayinlari ;
_vno.
_941621
830 1 _a55.
_916913
942 _2lcc
_cBK
999 _c17848
_d17848